000 00423nam a2200121Ia 4500
008 220214s9999 xx 000 0 und d
100 _aWycherley P R
245 3 _aAn Acre of distributed forest
260 _bProceedings of the Symposium on Humid Tropics Vegetation, Tijiawi, Indonesia, December 1958, Unesco Science Cooperation Office for South east Asia
_c1958
300 _a258-278
700 _aNair V K B
942 _cRE
999 _c45385
_d45385